000 01048cas a22003254a 4500
001 muse67521
003 MdBmJHUP
005 20210127151222.0
006 m o d
007 cr||||||||nn|n
008 910821u xx o 00 0 und d
010 _zsv 91028120
020 _a9781501722790
020 _a1501722794
020 _z9781501722806
035 _a(OCoLC)1057676670
040 _aMdBmJHUP
_cMdBmJHUP
245 0 0 _aGreatness Engendered
_bGeorge Eliot and Virginia Woolf
300 _a1 online resource.
_a1 online resource.
506 0 _aOpen Access
_fUnrestricted online access
_2star
588 _aDescription based on print version record.
590 _aSeries treatment. See 3x5 file.
655 7 _aElectronic books.
_2local
710 2 _aProject Muse.
_edistributor
830 0 _aBook collections on Project MUSE.
856 4 0 _zFull text available:
_uhttps://muse.jhu.edu/book/58453/
999 _c25055
_d25055